Gaming Quiz

Random Gaming or Pokémon Quiz

Pokemon in Real Words Quiz Stats

 Plays Quiz Updated Sep 29, 2014

Support Sporcle.
Go Orange.
Score 0/14 Timer 06:00
3 Plays Today
Definition Pokémon % Correct
rather strangeOddish
79.8%
one who makes slow progressSlowpoke
76.4%
one who appears frequently as a ghostHaunter
75.3%
a unit of magnetic momentMagneton
71.1%
a state of melancholyGloom
69.2%
an artificial human endowed with lifeGolem
62.8%
the high-pitched sound a cat makesMew
60.8%
Definition Pokémon % Correct
a genus of small woodpeckersJynx
60%
a collector or emitter of electric chargeElectrode
58.1%
another of the sameDitto
56.9%
a narrow pass or defileAbra
49.3%
an Iranian languagePersian
48.6%
a former copper coin of TurkeyParas
45.3%
to sew eyes (of falcon) shutSeel
32.4%

You're not logged in!

Compare scores with friends on all Sporcle quizzes.
OR
Log In

From the Vault

What's It Stand For? Three Letter A-Z

by LTH

If you think BLT stands for 'Butter, Lamb, & Tuna', you're probably not going to do well on this quiz.
Remove Ads.
Support Sporcle.
Get the best of Sporcle when you Go Orange. This ad-free experience offers more features, more stats, and more fun while also helping to support Sporcle. Thank you for becoming a member.

Show Comments

Extras

Top Quizzes Today


Score Distribution

Your Account Isn't Verified!

In order to create a playlist on Sporcle, you need to verify the email address you used during registration. Go to your Sporcle Settings to finish the process.

Report this User

Report this user for behavior that violates our Community Guidelines.

Details: